[Event "Toronto Chess Centre Summer op U1800"]
[Site "Toronto CAN"]
[Date "2025.06.07"]
[Round "2.19"]
[White "Ganeshanathan, Sayan"]
[Black "O'Malley, Patrick"]
[Result "0-1"]
[WhiteElo "1564"]
[BlackElo "1517"]
[WhiteFideId "-1"]
[WhiteFideId "-1"]
[PlyCount "30"]
[GameId "2198930014261567"]
[EventDate "2025.06.07"]
[EventType "swiss"]
[EventRounds "5"]
[EventCountry "CAN"]

1. e4 c5 2. Nf3 Nc6 3. d4 cxd4 4. Nxd4 g6 5. Nc3 Bg7 6. Nxc6 bxc6 7. Qf3 d6 8. e5 Bxe5 9. Qxc6+ Bd7 10. Qf3 Rc8 11. Bd2 Qb6 12. Rb1 Nf6 13. h3 O-O 14. Bd3 Bxc3 15. Bxc3 Rxc3 0-1

[Event "Toronto Chess Centre Summer op U1800"]
[Site "Toronto CAN"]
[Date "2025.06.07"]
[Round "2.20"]
[White "Kamath, Nikita"]
[Black "Mourgelas, James"]
[Result "1/2-1/2"]
[WhiteElo "1494"]
[BlackElo "1525"]
[WhiteFideId "-1"]
[WhiteFideId "-1"]
[PlyCount "75"]
[GameId "2198928046448951"]
[EventDate "2025.06.07"]
[EventType "swiss"]
[EventRounds "5"]
[EventCountry "CAN"]

1. d4 d5 2. Bg5 c6 3. e3 Qb6 4. b3 e6 5. Bd3 Nd7 6. c3 c5 7. Nd2 cxd4 8. exd4 Be7 9. Bxe7 Nxe7 10. Ngf3 Nf6 11. Ne5 O-O 12. O-O Qc7 13. Rc1 Nc6 14. f4 Bd7 15. g4 Nxe5 16. fxe5 Ne8 17. Rf3 f6 18. Qf1 Qd8 19. g5 f5 20. h4 g6 21. Qg2 Ng7 22. Rcf1 Rc8 23. Be2 Qa5 24. Nb1 Qxa2 25. b4 b5 26. Rh3 Qc2 27. Na3 Qb2 28. Nxb5 Bxb5 29. Bxb5 Qxg2+ 30. Kxg2 Rc7 31. Rc1 Rb8 32. c4 Rxb5 33. cxb5 Rxc1 34. Ra3 Rc4 35. Rxa7 Rxb4 36. Ra8+ Kf7 37. Ra7+ Kf8 38. Ra8+ 1/2-1/2

[Event "Toronto Chess Centre Summer op U1800"]
[Site "Toronto CAN"]
[Date "2025.06.07"]
[Round "3.12"]
[White "Divadalage, Sanya"]
[Black "Cetinic, Spencer"]
[Result "0-1"]
[WhiteElo "1485"]
[BlackElo "1636"]
[WhiteFideId "-1"]
[WhiteFideId "-1"]
[PlyCount "146"]
[GameId "2199291996202709"]
[EventDate "2025.06.07"]
[EventType "swiss"]
[EventRounds "5"]
[EventCountry "CAN"]

1. c4 e5 2. Nc3 Nf6 3. e4 Bc5 4. g3 Nc6 5. Bg2 d6 6. h3 O-O 7. Nge2 Nd4 8. O-O c6 9. Kh2 Qe7 10. f4 a5 11. f5 Bd7 12. d3 b5 13. b3 a4 14. bxa4 Nxe2 15. Nxe2 Rxa4 16. Nc3 Ra7 17. g4 Rfa8 18. g5 Ne8 19. Qh5 g6 20. fxg6 hxg6 21. Qh6 Bd4 22. Bb2 b4 23. Nd1 Bxb2 24. Nxb2 Rxa2 25. Rxa2 Rxa2 26. Nd1 c5 27. Kh1 Ba4 28. Ne3 Qf8 29. Qxf8+ Kxf8 30. Ng4 Bc2 31. Nh6 Ra7 32. Bf3 Bxd3 33. Re1 Bxc4 34. Be2 Bxe2 35. Rxe2 Ra3 36. Rf2 Ra7 37. Kh2 Rb7 38. Rb2 b3 39. Ng4 c4 40. Ne3 c3 41. Rb1 Rc7 42. Rxb3 c2 43. Nxc2 Rxc2+ 44. Kg3 Rd2 45. Kf3 Ng7 46. Rb8+ Ke7 47. Rb7+ Ke6 48. Rb6 Nh5 49. Rb8 Nf4 50. Re8+ Kd7 51. Rf8 Ke7 52. Rc8 Rd3+ 53. Kf2 Rxh3 54. Rc7+ Ke6 55. Rc8 Rh5 56. Re8+ Kd7 57. Rf8 Ke7 58. Rc8 Rxg5 59. Rc7+ Ke6 60. Rc8 f5 61. exf5+ gxf5 62. Rc6 Kd5 63. Rc2 Rg2+ 64. Ke3 Rxc2 65. Kf3 Rc3+ 66. Kf2 Ke4 67. Ke1 Rc2 68. Kd1 Kd3 69. Ke1 Ra2 70. Kf1 Ke3 71. Kg1 Kf3 72. Kh1 Kg3 73. Kg1 Ra1# 0-1

[Event "Toronto Chess Centre Summer op U1800"]
[Site "Toronto CAN"]
[Date "2025.06.07"]
[Round "3.13"]
[White "Chighvinadze, Luca"]
[Black "Chiu, Bernard"]
[Result "0-1"]
[WhiteElo "1600"]
[BlackElo "1634"]
[WhiteFideId "-1"]
[WhiteFideId "-1"]
[PlyCount "74"]
[GameId "2199296809351047"]
[EventDate "2025.06.07"]
[EventType "swiss"]
[EventRounds "5"]
[EventCountry "CAN"]

1. e4 c5 2. c3 g6 3. d4 cxd4 4. cxd4 d5 5. Nc3 dxe4 6. Nxe4 Bg7 7. Bb5+ Bd7 8. Bxd7+ Qxd7 9. Nf3 Nh6 10. Ng3 O-O 11. O-O Rd8 12. Be3 Nc6 13. Ne2 Nf5 14. Qb3 Rac8 15. Rfd1 Na5 16. Qa3 Nc4 17. Qb3 Qe6 18. Rd3 Qa6 19. Rad1 Rd6 20. Bf4 Rb6 21. Qc3 Rxb2 22. Nc1 Rb5 23. h3 b6 24. Re1 Nb2 25. Qd2 Nxd3 26. Qxd3 Ra5 27. Qd2 Rd5 28. Nb3 e6 29. g4 Nd6 30. Bh6 Nc4 31. Qf4 Qb7 32. h4 Qc7 33. Qc1 Na5 34. Qd2 Nxb3 35. axb3 Qc3 36. Qf4 Bxh6 37. Qxh6 Qxf3 0-1

[Event "Toronto Chess Centre Summer op U1800"]
[Site "Toronto CAN"]
[Date "2025.06.07"]
[Round "3.14"]
[White "Castillo Simon, Jose Luis"]
[Black "Parakin, Don"]
[Result "1-0"]
[WhiteElo "1599"]
[BlackElo "1703"]
[WhiteFideId "-1"]
[WhiteFideId "-1"]
[PlyCount "57"]
[GameId "2199484147353487"]
[EventDate "2025.06.07"]
[EventType "swiss"]
[EventRounds "5"]
[EventCountry "CAN"]

1. e4 c6 2. d4 d5 3. exd5 cxd5 4. c4 dxc4 5. Bxc4 Nf6 6. Nc3 e6 7. Bf4 Bd6 8. Bb5+ Nc6 9. Bg5 Bd7 10. Nf3 a6 11. Bxc6 Bxc6 12. O-O b5 13. Ne5 Bb7 14. Re1 Be7 15. Qe2 Nd5 16. Nxf7 Kxf7 17. Qxe6+ Kf8 18. Nxd5 Bxg5 19. Nb6 Bc8 20. Nxc8 Rxc8 21. Qxa6 Qd7 22. Re5 Bf6 23. Rxb5 Bxd4 24. Rd5 Bxf2+ 25. Kf1 Qc7 26. Rf5+ Ke7 27. Qe2+ Kd6 28. Rd1+ Kc6 29. Rc1+ 1-0

[Event "Toronto Chess Centre Summer op U1800"]
[Site "Toronto CAN"]
[Date "2025.06.07"]
[Round "3.15"]
[White "Camposano, Jose"]
[Black "Guan, Isabelle"]
[Result "1-0"]
[WhiteElo "1719"]
[BlackElo "1667"]
[WhiteFideId "-1"]
[WhiteFideId "-1"]
[PlyCount "121"]
[GameId "2199488756950938"]
[EventDate "2025.06.07"]
[EventType "swiss"]
[EventRounds "5"]
[EventCountry "CAN"]

1. d4 Nf6 2. c4 e6 3. Nc3 Bb4 4. Bg5 b6 5. e4 h6 6. Bxf6 Qxf6 7. Nf3 Bb7 8. Bd3 O-O 9. O-O Bxc3 10. bxc3 d6 11. Rb1 Nd7 12. Re1 e5 13. Qa4 Qe7 14. Re3 Nf6 15. Nd2 Nh5 16. Qd1 Qg5 17. Nf3 Qe7 18. Nxe5 Nf4 19. Nf3 Rfe8 20. d5 Qf6 21. Nd4 Bc8 22. Ne2 Bg4 23. f3 Bd7 24. Nxf4 Qxf4 25. Qd2 Qf6 26. Rf1 Qf4 27. g3 Qf6 28. f4 Bh3 29. Rfe1 Rad8 30. Bf1 Bc8 31. e5 Qg6 32. Bd3 Bf5 33. Qc2 Bxd3 34. Qxd3 Qg4 35. e6 fxe6 36. dxe6 c6 37. f5 Qg5 38. Qe4 d5 39. cxd5 cxd5 40. Qf4 Qe7 41. Qe5 Kh7 42. Rd1 Qc5 43. Rd4 a6 44. f6 gxf6 45. Qf5+ Kh8 46. Qxf6+ Kh7 47. Qf5+ Kh8 48. Qe5+ Kh7 49. Rg4 Rg8 50. Qf5+ Kh8 51. Qf6+ Kh7 52. Qf7+ Kh8 53. Qf6+ Kh7 54. Qf5+ Kh8 55. Qe5+ Kh7 56. Rxg8 Rxg8 57. e7 Re8 58. Kg2 Qc6 59. Rf3 Qg6 60. Rf8 Qc2+ 61. Kh3 1-0

[Event "Toronto Chess Centre Summer op U1800"]
[Site "Toronto CAN"]
[Date "2025.06.07"]
[Round "3.16"]
[White "Robertson, Joel"]
[Black "Wang, Angela"]
[Result "1-0"]
[WhiteElo "1585"]
[BlackElo "1658"]
[WhiteFideId "-1"]
[WhiteFideId "-1"]
[PlyCount "117"]
[GameId "2199562861492531"]
[EventDate "2025.06.07"]
[EventType "swiss"]
[EventRounds "5"]
[EventCountry "CAN"]

1. e4 d6 2. d4 Nf6 3. Nc3 e5 4. Nf3 Nbd7 5. Bc4 Be7 6. Be3 c6 7. a4 Qc7 8. Qe2 a5 9. Ng5 O-O 10. O-O-O Nb6 11. Bb3 Bd7 12. dxe5 dxe5 13. h4 c5 14. Rd2 Ng4 15. Nd5 Nxd5 16. exd5 Nxe3 17. Qh5 Bf5 18. fxe3 Bg6 19. Qe2 h6 20. h5 Bf5 21. g4 Bxg4 22. Qxg4 Bxg5 23. d6 Qc6 24. Rh3 Rac8 25. Bd5 Qb6 26. Qf5 Qxd6 27. Bxf7+ Rxf7 28. Qxc8+ Qf8 29. Qe6 Kh8 30. c3 Rf6 31. Qxe5 Rf5 32. Qe6 Rf6 33. Qd5 Rf5 34. Qd7 Rf7 35. Qd3 c4 36. Qd5 Rf5 37. Qe4 Rf1+ 38. Kc2 Rf2 39. Rh2 Rf3 40. Qxc4 Bxe3 41. Rd3 Rf2+ 42. Rxf2 Qxf2+ 43. Kb3 Bg5 44. Qe6 Qf8 45. Rd7 Bf6 46. Rc7 Bd8 47. Rc8 Kh7 48. Qd5 Qf6 49. Qd3+ Kg8 50. Rxd8+ Kf7 51. Qd5+ Qe6 52. Rf8+ Kxf8 53. Qxe6 b6 54. Kc4 b5+ 55. Kd5 bxa4 56. Qd7 a3 57. Ke6 axb2 58. Qb7 a4 59. Qa8# 1-0

[Event "Toronto Chess Centre Summer op U1800"]
[Site "Toronto CAN"]
[Date "2025.06.07"]
[Round "3.17"]
[White "Zhang, Ethan"]
[Black "Chighvinadze, Robert"]
[Result "0-1"]
[WhiteElo "1570"]
[BlackElo "1584"]
[WhiteFideId "-1"]
[WhiteFideId "-1"]
[PlyCount "112"]
[GameId "2199491881306021"]
[EventDate "2025.06.07"]
[EventType "swiss"]
[EventRounds "5"]
[EventCountry "CAN"]

1. e4 e6 2. d4 d5 3. Nc3 Bb4 4. exd5 Bxc3+ 5. bxc3 exd5 6. Nf3 Nf6 7. Ba3 Be6 8. Bd3 Nbd7 9. O-O c6 10. Re1 Nf8 11. Ng5 h6 12. Bxf8 hxg5 13. Bxg7 Rg8 14. Bxf6 Qxf6 15. c4 O-O-O 16. Rb1 dxc4 17. Be4 Qxd4 18. Qf3 g4 19. Qg3 Qd6 20. Qe3 b6 21. a4 Rh8 22. g3 Rh5 23. Rbd1 Bd5 24. Rd2 Re5 25. Ree2 Qe6 26. Rd4 Re8 27. Bxd5 Rxd5 28. Rxd5 Qxe3 29. Rxe3 Rxe3 30. fxe3 cxd5 31. Kf2 Kd7 32. Ke2 Kd6 33. Kd2 Ke5 34. Ke1 Ke4 35. Ke2 a6 36. Kf2 f5 37. Ke2 b5 38. axb5 axb5 39. c3 Ke5 40. Ke1 Kd6 41. Kd2 Kc5 42. Kc2 b4 43. cxb4+ Kxb4 44. Kb2 c3+ 45. Kc1 Kb3 46. Kb1 Kb4 47. Kc1 Kc5 48. Kc2 d4 49. exd4+ Kxd4 50. Kc1 Kd3 51. Kd1 Ke3 52. Kc2 Kf2 53. Kxc3 Kg2 54. Kd4 Kxh2 55. Ke5 Kxg3 56. Kxf5 Kf3 0-1

[Event "Toronto Chess Centre Summer op U1800"]
[Site "Toronto CAN"]
[Date "2025.06.07"]
[Round "3.18"]
[White "Sahni, Anagh"]
[Black "Ni, Harrison"]
[Result "0-1"]
[WhiteElo "1525"]
[BlackElo "1577"]
[WhiteFideId "-1"]
[WhiteFideId "-1"]
[PlyCount "70"]
[GameId "2199529194326120"]
[EventDate "2025.06.07"]
[EventType "swiss"]
[EventRounds "5"]
[EventCountry "CAN"]

1. d4 d5 2. c4 c6 3. cxd5 cxd5 4. Bf4 Bf5 5. Nc3 Nc6 6. e3 Nf6 7. Bb5 e6 8. Nf3 a6 9. Bxc6+ bxc6 10. Qa4 Qb6 11. Ne5 Rc8 12. O-O Nh5 13. Ne2 f6 14. Nf3 Nxf4 15. Nxf4 g5 16. Ne2 h5 17. Qb3 Qxb3 18. axb3 Bd3 19. Rfe1 Bd6 20. g3 h4 21. g4 Kf7 22. Nc3 Kg6 23. Red1 Bb5 24. Nxb5 axb5 25. Rdc1 Rc7 26. Ne1 f5 27. f3 fxg4 28. fxg4 Rf8 29. Nd3 Rf3 30. Re1 Rh3 31. Re2 Rf3 32. Kg2 Rcf7 33. Rc1 Kg7 34. Rxc6 h3+ 35. Kg1 Rf1# 0-1

[Event "Toronto Chess Centre Summer op U1800"]
[Site "Toronto CAN"]
[Date "2025.06.07"]
[Round "3.19"]
[White "Ganeshanathan, Sayan"]
[Black "Kamath, Nikita"]
[Result "1-0"]
[WhiteElo "1564"]
[BlackElo "1494"]
[WhiteFideId "-1"]
[WhiteFideId "-1"]
[PlyCount "53"]
[GameId "2199531508365424"]
[EventDate "2025.06.07"]
[EventType "swiss"]
[EventRounds "5"]
[EventCountry "CAN"]

1. e4 c6 2. d4 d5 3. e5 c5 4. c3 Nc6 5. Nf3 Bg4 6. Be3 e6 7. h3 Bxf3 8. Qxf3 cxd4 9. cxd4 Qb6 10. Qe2 Nxd4 11. Bxd4 Qxd4 12. Qb5+ Kd8 13. Nd2 Bb4 14. Rd1 Qxe5+ 15. Be2 Qxb2 16. O-O Ba3 17. Qd3 Bb4 18. Qb5 b6 19. Ne4 Ba3 20. Rxd5+ exd5 21. Qxd5+ Ke7 22. Bc4 Nh6 23. Qb7+ Ke8 24. Qxa8+ Kd7 25. Rd1+ Kc7 26. Qxa7+ Kc8 27. Ba6# 1-0

[Event "Toronto Chess Centre Summer op U1800"]
[Site "Toronto CAN"]
[Date "2025.06.08"]
[Round "4.12"]
[White "Castillo Simon, Jose Luis"]
[Black "Cetinic, Spencer"]
[Result "1/2-1/2"]
[WhiteElo "1599"]
[BlackElo "1636"]
[WhiteFideId "-1"]
[WhiteFideId "-1"]
[PlyCount "74"]
[GameId "2199638570355185"]
[EventDate "2025.06.07"]
[EventType "swiss"]
[EventRounds "5"]
[EventCountry "CAN"]

1. e4 e5 2. Nf3 Nc6 3. d4 exd4 4. Bc4 Nf6 5. e5 d5 6. Bb5 Ne4 7. Nxd4 Bd7 8. O-O Nxe5 9. Re1 c6 10. Bd3 Be7 11. Bxe4 dxe4 12. Rxe4 Ng6 13. Bg5 O-O 14. Bxe7 Nxe7 15. Nc3 Re8 16. Qh5 g6 17. Qh6 g5 18. Qxg5+ Ng6 19. Rxe8+ Qxe8 20. h4 Qd8 21. Qg3 Qxh4 22. Qc7 Qxd4 23. Rd1 Qb6 24. Qxb6 axb6 25. Rxd7 Ra7 26. a3 Ne5 27. Re7 Nc4 28. Ne4 Nxb2 29. Nd6 Rxa3 30. Rxf7 Rc3 31. Rxb7 b5 32. Ne4 Rxc2 33. Nf6+ Kf8 34. Nxh7+ Ke8 35. g4 Nd3 36. g5 Nf4 37. Nf6+ Kf8 1/2-1/2

[Event "Toronto Chess Centre Summer op U1800"]
[Site "Toronto CAN"]
[Date "2025.06.08"]
[Round "4.13"]
[White "Camposano, Jose"]
[Black "Robertson, Joel"]
[Result "0-1"]
[WhiteElo "1719"]
[BlackElo "1585"]
[WhiteFideId "-1"]
[WhiteFideId "-1"]
[PlyCount "72"]
[GameId "2199847560825337"]
[EventDate "2025.06.07"]
[EventType "swiss"]
[EventRounds "5"]
[EventCountry "CAN"]

1. d4 Nf6 2. c4 e5 3. Bg5 Bb4+ 4. Nc3 exd4 5. Qxd4 Nc6 6. Qe3+ Qe7 7. Qxe7+ Kxe7 8. O-O-O Bxc3 9. bxc3 h6 10. Bxf6+ Kxf6 11. e4 Re8 12. f3 d6 13. Ne2 g5 14. Nd4 Ne5 15. h4 g4 16. f4 Ng6 17. f5 Ne5 18. h5 b6 19. Rh4 Bb7 20. Re1 Kg5 21. Rh1 Re7 22. g3 Rae8 23. Kd2 Nf3+ 24. Nxf3+ gxf3 25. Bd3 Bxe4 26. Bxe4 Rxe4 27. Rxe4 Rxe4 28. Kd3 Re2 29. Rh4 Rg2 30. Ke3 Rxg3 31. Rd4 Kxf5 32. Rd5+ Ke6 33. Kf2 Rg2+ 34. Kxf3 Rxa2 35. Rb5 a5 36. Ke4 Rh2 0-1

[Event "Toronto Chess Centre Summer op U1800"]
[Site "Toronto CAN"]
[Date "2025.06.08"]
[Round "4.14"]
[White "Parakin, Don"]
[Black "Divadalage, Sanya"]
[Result "1/2-1/2"]
[WhiteElo "1703"]
[BlackElo "1485"]
[WhiteFideId "-1"]
[WhiteFideId "-1"]
[PlyCount "107"]
[GameId "2199849727855105"]
[EventDate "2025.06.07"]
[EventType "swiss"]
[EventRounds "5"]
[EventCountry "CAN"]

1. d4 g6 2. e4 Bg7 3. Nf3 d6 4. Bc4 Nf6 5. Nc3 O-O 6. O-O Nc6 7. Re1 e5 8. d5 Ne7 9. h3 Ne8 10. Bb3 h6 11. Be3 f5 12. Qe2 f4 13. Bd2 g5 14. Nh2 Ng6 15. Nd1 Nf6 16. c4 h5 17. f3 Ne8 18. Ba4 g4 19. hxg4 hxg4 20. Bxe8 Rxe8 21. Nxg4 Bxg4 22. fxg4 Qh4 23. Nf2 Kf7 24. Qf3 Rh8 25. Nh3 Raf8 26. Rf1 Ke8 27. Be1 Qh7 28. Qb3 f3 29. Rxf3 Rxf3 30. Qxf3 Nf4 31. Nxf4 exf4 32. Rb1 Bd4+ 33. Kf1 Qh1+ 34. Ke2 Rh2 35. Kd3 Be3 36. Rd1 Rxg2 37. Bf2 Qh2 38. Bxe3 fxe3 39. Qf5 Rd2+ 40. Kc3 Rc2+ 41. Kd4 Rd2+ 42. Kc3 Rxd1 43. Qe6+ Kf8 44. Qf6+ Kg8 45. Qg6+ Kh8 46. Qf6+ Kg8 47. Qg6+ Kf8 48. Qf6+ Ke8 49. Qe6+ Kf8 50. Qf6+ Kg8 51. Qg6+ Kh8 52. Qf6+ Kg8 53. Qg6+ Kf8 54. Qf6+ 1/2-1/2

[Event "Toronto Chess Centre Summer op U1800"]
[Site "Toronto CAN"]
[Date "2025.06.08"]
[Round "4.15"]
[White "Ni, Harrison"]
[Black "Chighvinadze, Luca"]
[Result "0-1"]
[WhiteElo "1577"]
[BlackElo "1600"]
[WhiteFideId "-1"]
[WhiteFideId "-1"]
[PlyCount "146"]
[GameId "2199852381776393"]
[EventDate "2025.06.07"]
[EventType "swiss"]
[EventRounds "5"]
[EventCountry "CAN"]

1. e4 e6 2. d4 d5 3. exd5 exd5 4. Nf3 Bg4 5. Be3 h6 6. h3 Bh5 7. Nc3 Nf6 8. Be2 Bb4 9. O-O O-O 10. a3 Ba5 11. b4 Bb6 12. Na4 c6 13. Nxb6 axb6 14. Ne5 Bxe2 15. Qxe2 Nbd7 16. Nxd7 Qxd7 17. Qd3 b5 18. Rfe1 Ra4 19. Bf4 Ne4 20. f3 Nd6 21. Bxd6 Qxd6 22. Kf2 Rd8 23. Re3 g6 24. Rae1 Kf8 25. Qd2 Rda8 26. Ra1 Kg7 27. g3 Rxb4 28. axb4 Rxa1 29. Rb3 Qd7 30. Kg2 Ra2 31. Qe2 Qe6 32. Re3 Qf5 33. Rc3 Rb2 34. g4 Qe6 35. Re3 Qd6 36. Rb3 Ra2 37. h4 Ra1 38. Rb2 Qe6 39. Qxe6 fxe6 40. Kg3 Kf6 41. Rb3 Ra2 42. c3 e5 43. dxe5+ Kxe5 44. f4+ Ke4 45. g5 h5 46. Rb1 Re2 47. Rf1 Re3+ 48. Kg2 Kf5 49. Rc1 Kg4 50. Rf1 Kxh4 51. f5 Kxg5 52. f6 Re8 53. f7 Rf8 54. Kg3 Kh6 55. Rf4 Kg7 56. Kf3 Rxf7 57. Rxf7+ Kxf7 58. Ke3 h4 59. Kd4 Ke6 60. Kc5 Kd7 61. c4 bxc4 62. b5 cxb5 63. Kb6 h3 64. Ka7 h2 65. Kb8 h1=Q 66. Ka7 Ke6 67. Kb8 b6 68. Ka7 b4 69. Kb8 Qh7 70. Ka8 b5 71. Kb8 Kd6 72. Ka8 Kc6 73. Kb8 Qb7# 0-1

[Event "Toronto Chess Centre Summer op U1800"]
[Site "Toronto CAN"]
[Date "2025.06.08"]
[Round "4.16"]
[White "Chighvinadze, Robert"]
[Black "O'Malley, Patrick"]
[Result "1-0"]
[WhiteElo "1584"]
[BlackElo "1517"]
[WhiteFideId "-1"]
[WhiteFideId "-1"]
[PlyCount "95"]
[GameId "2199855515269652"]
[EventDate "2025.06.07"]
[EventType "swiss"]
[EventRounds "5"]
[EventCountry "CAN"]

1. e4 c5 2. c3 d5 3. exd5 Qxd5 4. Nf3 Nf6 5. Bb5+ Bd7 6. Bxd7+ Nbxd7 7. O-O e6 8. d4 Rd8 9. Be3 Be7 10. Qa4 a6 11. dxc5 Bxc5 12. Bxc5 Qxc5 13. Nbd2 O-O 14. Nb3 Qb6 15. h3 Rfe8 16. Rfe1 Nc5 17. Nxc5 Qxc5 18. Qb3 b5 19. Qc2 b4 20. Rac1 bxc3 21. Qxc3 Qxc3 22. Rxc3 Nd5 23. Rc4 Rc8 24. Rec1 Rxc4 25. Rxc4 h6 26. g3 Re7 27. Rc8+ Kh7 28. Ra8 Rc7 29. Rxa6 Rc2 30. Ne5 f6 31. Nd3 Rd2 32. Ra3 e5 33. Rb3 Nc7 34. Nc5 Rc2 35. Ne4 Kg6 36. Rc3 Re2 37. Rxc7 Rxe4 38. Rc3 f5 39. Re3 Rxe3 40. fxe3 Kg5 41. Kf2 e4 42. b4 Kh5 43. b5 g5 44. b6 f4 45. b7 fxe3+ 46. Kxe3 g4 47. hxg4+ Kxg4 48. b8=Q 1-0

[Event "Toronto Chess Centre Summer op U1800"]
[Site "Toronto CAN"]
[Date "2025.06.08"]
[Round "4.17"]
[White "Mourgelas, James"]
[Black "Ganeshanathan, Sayan"]
[Result "1-0"]
[WhiteElo "1525"]
[BlackElo "1564"]
[WhiteFideId "-1"]
[WhiteFideId "-1"]
[PlyCount "112"]
[GameId "2199893480270364"]
[EventDate "2025.06.07"]
[EventType "swiss"]
[EventRounds "5"]
[EventCountry "CAN"]

1. e4 e5 2. Nf3 Nc6 3. Bb5 a6 4. Ba4 Nf6 5. d3 d6 6. h3 h6 7. c3 Be7 8. O-O O-O 9. Nbd2 Nh7 10. Bc2 f5 11. exf5 Bxf5 12. Ne4 Nf6 13. Ng3 Bh7 14. Re1 Qd7 15. Bd2 Rae8 16. d4 exd4 17. Bxh7+ Kxh7 18. Qc2+ Kh8 19. Nxd4 Nxd4 20. cxd4 Nh7 21. Re2 Bg5 22. Rxe8 Rxe8 23. Bxg5 Nxg5 24. Rc1 c6 25. b3 d5 26. Qd1 Ne4 27. Nxe4 Rxe4 28. Rc3 Qf7 29. Re3 Re8 30. Rxe8+ Qxe8 31. Qd2 Qe7 32. Kf1 Kg8 33. f3 Kf7 34. Qf2 Qa3 35. Qd2 Qd6 36. Kg1 Ke8 37. Kf2 Kd7 38. Qc2 Qf6 39. Qd3 Kc7 40. b4 Qh4+ 41. Kf1 Qf4 42. Qd1 Qe3 43. a4 Qc3 44. b5 axb5 45. axb5 Qc4+ 46. Qe2 Qxb5 47. Qxb5 cxb5 48. Ke1 Kb6 49. Kd2 Ka5 50. Kc3 Ka4 51. f4 b4+ 52. Kb2 b3 53. g4 Kb4 54. f5 Kc4 55. h4 Kxd4 56. g5 Ke5 1-0

[Event "Toronto Chess Centre Summer op U1800"]
[Site "Toronto CAN"]
[Date "2025.06.08"]
[Round "4.18"]
[White "Guan, Isabelle"]
[Black "Sahni, Anagh"]
[Result "1-0"]
[WhiteElo "1667"]
[BlackElo "1525"]
[WhiteFideId "-1"]
[WhiteFideId "-1"]
[PlyCount "85"]
[GameId "2199924747975264"]
[EventDate "2025.06.07"]
[EventType "swiss"]
[EventRounds "5"]
[EventCountry "CAN"]

1. e4 c5 2. Nf3 d6 3. Bb5+ Bd7 4. Bxd7+ Qxd7 5. c3 Nf6 6. Qe2 e6 7. O-O Be7 8. d4 cxd4 9. cxd4 d5 10. e5 Ne4 11. Bf4 Nc6 12. Nbd2 Nxd2 13. Qxd2 Rc8 14. Rac1 O-O 15. a3 b6 16. Rc3 Na5 17. Rfc1 Rxc3 18. Rxc3 Rc8 19. b4 Nc4 20. Qc2 b5 21. Nd2 a6 22. Nxc4 dxc4 23. Qd1 Qd5 24. Be3 Rd8 25. Qb1 Qd6 26. Qb2 Rc8 27. Qb1 Bd8 28. Bd2 Qd7 29. Rh3 g6 30. Bc3 Qe7 31. Qc1 Qf8 32. Qe1 Bg5 33. Qe4 Bh6 34. Qh4 Ra8 35. Bd2 c3 36. Bxh6 c2 37. Bc1 h5 38. Rd3 Rc8 39. h3 Qe8 40. Qf6 Qd7 41. Kh2 Qc6 42. Bh6 Qxg2+ 43. Kxg2 1-0

[Event "Toronto Chess Centre Summer op U1800"]
[Site "Toronto CAN"]
[Date "2025.06.08"]
[Round "4.19"]
[White "Kamath, Nikita"]
[Black "Wang, Angela"]
[Result "0-1"]
[WhiteElo "1494"]
[BlackElo "1658"]
[WhiteFideId "-1"]
[WhiteFideId "-1"]
[PlyCount "114"]
[GameId "2199926525614696"]
[EventDate "2025.06.07"]
[EventType "swiss"]
[EventRounds "5"]
[EventCountry "CAN"]

1. d4 d6 2. Bg5 Nf6 3. e3 Nbd7 4. Bd3 e5 5. Nd2 Be7 6. c3 e4 7. Bxf6 exd3 8. Bxe7 Qxe7 9. Qb1 Qg5 10. g3 Qg6 11. Ngf3 Nf6 12. Nh4 Qg4 13. Qxd3 g5 14. h3 Qh5 15. Nhf3 g4 16. Ne4 Qg6 17. Nxf6+ Qxf6 18. Qe4+ Qe6 19. Qxe6+ Bxe6 20. Ng5 Bd7 21. hxg4 Bxg4 22. Rxh7 Rxh7 23. Nxh7 Ke7 24. Ng5 Rh8 25. Kd2 Rh2 26. Rf1 d5 27. Kc1 f6 28. f3 Bd7 29. f4 fxg5 30. fxg5 Rg2 31. Rh1 Bf5 32. Rf1 Be4 33. Rf6 Rxg3 34. Rf4 Rxg5 35. c4 c6 36. Kd2 Rg2+ 37. Kc1 Re2 38. cxd5 cxd5 39. Rg4 Kd6 40. Rf4 Rxe3 41. Rf6+ Kd7 42. Rf7+ Kc6 43. Rf6+ Kb5 44. Rf7 Ka6 45. Rf6+ b6 46. a4 Rb3 47. Rc6 Rb4 48. Rc3 Rxa4 49. Ra3 Rxa3 50. bxa3 Kb5 51. Kb2 Kc4 52. Kc1 Kxd4 53. a4 Ke3 54. Kd1 Bf3+ 55. Ke1 d4 56. a5 d3 57. axb6 d2+ 0-1

[Event "Toronto Chess Centre Summer op U1800"]
[Site "Toronto CAN"]
[Date "2025.06.08"]
[Round "5.12"]
[White "Cetinic, Spencer"]
[Black "Chiu, Bernard"]
[Result "1/2-1/2"]
[WhiteElo "1636"]
[BlackElo "1634"]
[WhiteFideId "-1"]
[WhiteFideId "-1"]
[PlyCount "104"]
[GameId "2200256977571298"]
[EventDate "2025.06.07"]
[EventType "swiss"]
[EventRounds "5"]
[EventCountry "CAN"]

1. d4 c5 2. d5 Nf6 3. c4 d6 4. Nc3 g6 5. e4 Bg7 6. Nf3 O-O 7. h3 Qa5 8. Bd3 Nxe4 9. Bxe4 Bxc3+ 10. bxc3 Qxc3+ 11. Bd2 Qxc4 12. Qe2 Qxe2+ 13. Kxe2 Nd7 14. Bg5 f6 15. Bd2 b5 16. g4 Bb7 17. Bh6 Rfc8 18. h4 Nf8 19. h5 g5 20. Nxg5 fxg5 21. Bxg5 e5 22. Be3 Ne6 23. g5 Nf4+ 24. Bxf4 exf4 25. Kf3 c4 26. h6 c3 27. Rag1 b4 28. g6 a5 29. gxh7+ Kh8 30. Rg7 c2 31. Rc1 Rab8 32. Kxf4 a4 33. Rg8+ Rxg8 34. hxg8=Q+ Kxg8 35. Rxc2 b3 36. axb3 axb3 37. Rb2 Ba6 38. Kf5 Rf8+ 39. Ke6 Re8+ 40. Kf5 Rf8+ 41. Kg5 Bc4 42. f3 Kh8 43. h7 Kg7 44. Rh2 Kh8 45. Rh6 Rd8 46. Kf6 b2 47. Rg6 Ba2 48. Rg8+ Rxg8 49. hxg8=Q+ Kxg8 50. Ke6 b1=Q 51. Bxb1 Bxb1 52. Kxd6 Kf7 1/2-1/2

[Event "Toronto Chess Centre Summer op U1800"]
[Site "Toronto CAN"]
[Date "2025.06.08"]
[Round "5.13"]
[White "Robertson, Joel"]
[Black "Castillo Simon, Jose Luis"]
[Result "1/2-1/2"]
[WhiteElo "1585"]
[BlackElo "1599"]
[WhiteFideId "-1"]
[WhiteFideId "-1"]
[PlyCount "103"]
[GameId "2199978560122262"]
[EventDate "2025.06.07"]
[EventType "swiss"]
[EventRounds "5"]
[EventCountry "CAN"]

1. e4 e5 2. Nf3 Nc6 3. Bb5 a6 4. Ba4 Nf6 5. d3 b5 6. Bb3 Be7 7. O-O O-O 8. Re1 d6 9. h3 Na5 10. Nc3 Nxb3 11. axb3 Bb7 12. Be3 c5 13. Ne2 Qc7 14. c4 Qb6 15. Ng3 Bc6 16. Ra2 Rfb8 17. Nf5 Bf8 18. b4 bxc4 19. bxc5 dxc5 20. Nxe5 cxd3 21. Bg5 Nxe4 22. Nxc6 Qxc6 23. Qf3 Re8 24. Ng3 Qd5 25. Raa1 Qxg5 26. Nxe4 Qd8 27. Rad1 c4 28. b3 Qa5 29. bxc4 f5 30. Ra1 fxe4 31. Qxf8+ Kxf8 32. Rxa5 Rac8 33. Rxa6 Rxc4 34. Rd6 Ke7 35. Rxd3 Kf6 36. Rde3 Kf5 37. Ra1 Rd4 38. Ra7 Kf6 39. Kh2 h5 40. h4 g6 41. Kg3 Kf5 42. Rf7+ Ke6 43. Rf4 Kd5 44. f3 Re5 45. Rf8 Re6 46. Rd8+ Kc4 47. Rc8+ Kd5 48. Rd8+ Kc5 49. Rc8+ Kd5 50. Rd8+ Kc4 51. Rc8+ Kd5 52. Rd8+ 1/2-1/2